Telt ház a "Hamlet" mai előadásán kitünően sikerült a hétfői főpróba
Elmentve itt :
| Dokumentumtípus: | Cikk |
|---|---|
| Megjelent: |
1941-04-01
|
| Sorozat: | Délmagyarország
17 No. 74 |
| Kulcsszavak: | Egyetemi Színjátszó Társulat 1941 |
| Online Access: | http://dmarchiv.bibl.u-szeged.hu/33645 |
| LEADER | 00475nab a2200145 i 4500 | ||
|---|---|---|---|
| 001 | delm33645 | ||
| 005 | 20180927105612.0 | ||
| 008 | 180927s1941 hu o 0|| hun d | ||
| 040 | |a SZTE Délmagyarország Archívum |b hun | ||
| 041 | |a hun | ||
| 245 | 0 | 0 | |a Telt ház a "Hamlet" mai előadásán |h [elektronikus dokumentum] : |b kitünően sikerült a hétfői főpróba |
| 260 | |c 1941-04-01 | ||
| 300 | |a 8 | ||
| 490 | 0 | |a Délmagyarország |v 17 No. 74 | |
| 695 | |a Egyetemi Színjátszó Társulat 1941 | ||